| 000 | 01498nam a2200349Ia 4500 | ||
|---|---|---|---|
| 001 | DIGANR0145 | ||
| 006 | m d | ||
| 007 | cr ||||||||||| | ||
| 008 | 100325s1986 sp ac b 000 0 spa d | ||
| 035 | _a(OCoLC)1335125606 | ||
| 040 |
_aDGITA _beng _epn _cDGITA |
||
| 050 | 4 | _aPQ6613.O79 ebook | |
| 245 | 0 | 0 | _aJuan Goytisolo . |
| 264 | 1 |
_aBarcelona : _bAnthropos, Editorial del Hombre, _c1986. |
|
| 300 |
_a1 online resource (128, [16] p.) : _billustrations, portraits. |
||
| 336 |
_atext _btxt _2rdacontent |
||
| 337 |
_acomputer _bc _2rdamedia |
||
| 338 |
_aonline resource _bcr _2rdacarrier |
||
| 490 | 1 |
_aAnthropos: revista de documentación científica de la cultura, _x02115611 ; _v60-61. |
|
| 500 | _aCover title. | ||
| 500 | _a"N.° 60-61, Abril-Mayo 1986" --P. [2] of cover. | ||
| 504 | _a"Información bibliográfica: Obras sobre Juan Goytisolo" ([16] p.) laid in between p. 64 and 65. | ||
| 504 | _a"Información bibliográfica: bibliografía temática: selección bibliográfica de la producción novelística española publicada entre 1940 y 1964" (p. 85-93) | ||
| 600 | 1 | 0 |
_aGoytisolo, Juan, _d1931- _xCriticism and interpretation. |
| 655 | 7 |
_aPeriodicals. _2lcgft |
|
| 700 | 1 |
_aGoytisolo, Juan, _d1931- |
|
| 791 | 2 |
_aDigitalia (Firm), _edistributor. |
|
| 793 | 0 |
_gDigitalia e-journal Collection: _aAnthropos |
|
| 830 | 0 |
_aAnthropos (Barcelona, Spain) ; _v60-61 |
|
| 856 | 4 | 0 |
_3Digitalia Hispánica _uhttps://www.digitaliapublishing.com/a/3587/ |
| 942 | _cRAA | ||
| 999 |
_c230538 _d230538 |
||